Estudio tecnológico de tres especies del trópico americano : Hura crepitans L., Brosimum Costarricanum Liebm y Ceiba pentandra (L) Gaertn.

Guardado en:
Bibliografiske detaljer
Hovedforfatter: Rico Carrizosa, Julio E
Format: Bog
Udgivet: Turrialba : IICA, Centro Tropical de Enseñanza e Investigación, Departamento de Ciencias Forestales 1974
Fag:
Tags: Tilføj Tag
Ingen Tags, Vær først til at tagge denne postø!

MARC

LEADER 00000nam a2200000Ia 4500
003 000419
005 20221231143956.0
008 140114s1974 c a 000 ||s d
040 |c cru CEDI 
082 |a 634.98 R511e 
100 |a Rico Carrizosa, Julio E  |9 18566 
245 |a Estudio tecnológico de tres especies del trópico americano : Hura crepitans L., Brosimum Costarricanum Liebm y Ceiba pentandra (L) Gaertn. 
260 |a  Turrialba : IICA, Centro Tropical de Enseñanza e Investigación, Departamento de Ciencias Forestales  |c 1974 
300 |a  103 hojas : lustraciones  
500 |a Tesis (M. Scientiae) Instituto Interamericano de Ciencias Agrícolas  
650 |x ARBOLES MADERABLES   |x TROPICOS   |x  AMERICA  |9 18567 
942 |2 ddc  |c BK 
999 |c 15052  |d 15052